|
|
|
|
| LEADER |
00000nam a2200000 a 4500 |
| 001 |
vtls001169534 |
| 003 |
SK-MaSNL |
| 005 |
20260301233752.0 |
| 008 |
250414s1935 xo 0 slo |
| 035 |
|
|
|a SNK000112514
|
| 040 |
|
|
|a SNK
|b slo
|c SNK
|e AACR2
|
| 041 |
0 |
|
|a slo
|
| 044 |
|
|
|a xo
|c SK
|
| 080 |
|
|
|a 885-4-3 Beblavý, Pavel
|2 1981
|
| 100 |
1 |
|
|a Beblavý, Pavel,
|d 1847-1910
|4 aut
|9 62247
|
| 245 |
1 |
0 |
|a Jánošík
|b Povesť zo 17. storočia
|c Pavel Beblavý ; Upr. Júlia Bárdošová-Vilikovská
|
| 260 |
|
|
|a Praha
|b Melantrich
|c 1935
|e Moravská Ostrava
|f Melantrich
|
| 300 |
|
|
|a 282, [1] s.
|c 18 cm
|
| 490 |
0 |
|
|a Melantrichova slovenská knižnica
|v sv. 31
|
| 700 |
1 |
|
|a Bárdošová-Vilikovská, Júlia
|4 upr
|9 452312
|
| 852 |
|
|
|a Slovenská národná knižnica
|
| 954 |
|
|
|a povesti slovenské
|
| 958 |
|
|
|a OND
|
| 999 |
|
|
|c 967613
|d 969543
|
| 952 |
|
|
|t P60, <04>, [BOOK], {604}
|a SNK
|b SNK
|y VYP
|7 0
|p 17A0036179
|o snkSD 3417/31 D1
|0 0
|1 0
|4 0
|d 1997-02-11
|l 0
|r 2005-01-01 00:00:00
|w 2026-02-24
|
| 952 |
|
|
|t P60, <05>, [BOOK], {605}
|a SNK
|b SNK
|y PREZ
|7 0
|p 17A0115810
|o snkSD 3417/31 D2
|0 0
|1 0
|4 0
|d 1997-12-16
|l 0
|r 2005-01-01 00:00:00
|w 2026-02-24
|
| 952 |
|
|
|a SNKLM
|b SNKLM
|y NEVYP
|7 0
|o snklmMK 4332
|8 3
|0 0
|1 0
|4 0
|d 2006-07-11
|l 0
|r 2026-02-24 10:41:03
|w 2026-02-24
|